The most random impossible quiz 2 Stats

 Plays Quiz not verified by Sporcle

Challenge
Share
Tweet
Embed
Score 0/15 Timer 06:00
0 Plays Today
Hint Answer % Correct
What is the most successful movie franchise in history?Harry Potter
51%
Who is the artist of the most watched video on YouTube?PSY
49%
Where is/was the oldest person ever to live from?Mexico
43.1%
What team has the most fans in soccer?Manchester United
43.1%
What country drinks the most beer per person?Czech Republic
41.2%
What country produces the most bananas?India
41.2%
What is the ugliest nationality according to BeautifulPeople.com?Ireland
37.3%
What is the richest country per capita?Qatar
33.3%
Hint Answer % Correct
What is the most famous Call Of Duty gaming group called?FaZe
31.4%
Who has the most followers on Facebook?Shakira
27.5%
What is the most watched news programme?BBC World News
25.5%
What sport held the biggest fight ever?American Football
19.6%
What song is considered to be the best song everLike a Rolling Stone- By Bob Dylan
17.6%
How long is the longest snake ever measured in the world?7.67 metres
17.6%
What is the most depressing job?Public Transport
15.7%

You're not logged in!

Compare scores with friends on all Sporcle quizzes.
Join for Free
OR
Log In

You Might Also Like...

Show Comments

Extras

Created Mar 28, 2015ReportNominate
Tags:impossible

Top Quizzes Today


Score Distribution

Your Account Isn't Verified!

In order to create a playlist on Sporcle, you need to verify the email address you used during registration. Go to your Sporcle Settings to finish the process.

Report this User

Report this user for behavior that violates our Community Guidelines.

Details: